LEADER 01132nam0-22003611i-450- 001 990004614250403321 005 20120305115218.0 010 $a0-674-99526-0 035 $a000461425 035 $aFED01000461425 035 $a(Aleph)000461425FED01 035 $a000461425 100 $a19990604d1994----km-y0itay50------ba 101 2 $agrc$aeng 102 $aUS 105 $ay-------001cy 200 1 $aHippocrates$e[Epidemics]$fedited and translated by Wesley D. Smith 210 $aCambridge, Mass. ; London$cHarvard University Press$d1994 215 $a424 p.$d17 cm 225 1 $a<>Loeb classical library$v477 307 $aRilegato con copertina rigida telata 500 10$a$921711 676 $a880.01 676 $a616 700 0$aHippocrates$f<460-370 a. C.>$0157241 702 1$aSmith,$bWesley D. 801 0$aIT$bUNINA$gRICA$2UNIMARC 901 $aBK 912 $a990004614250403321 952 $aP2B-600-LOEB-HIPPOCR.-200A(7)-1994$bBibl. 17026$fFLFBC$m10-21336 959 $aFLFBC 996 $aDe morbis popularibus$921711 997 $aUNINA LEADER 01306nam2 22003131i 450 001 990005611550403321 005 20220520115242.0 035 $aFED01000561155 100 $a19990530d1980----km-y0itay50------ba 101 0 $afre 102 $aFR 105 $ayf y 001yy 200 1 $a<<2.: >>Vases de pierre et de metal, vannerie, figurines et reliefs d'applique, elements de parure et de decoration, armes, sceaux et empreintes$fpar Beatrice Detournay, Jean-Claude Poursat et Frieda Vandenabeele 210 $aParis$cPaul Geuthner$d1980 215 $a258 p., [4] p. di tav.$cc. topogr.$d28 cm 225 1 $aÉtudes crètoises$v26 461 0$1001000561146$12001$aFouilles executees a Mallia$eLe quartier mu$f[Jean-Claude Poursat, Jean-Pierre Olivier Beatrice Detournay] 610 0 $aScavi archeologici$aMalia 676 $a939.18$v22$zita 700 1$aDetournay,$bBtatrice$0400934 702 1$aPoursat,$bJean-Claude 702 1$aVandenabeele,$bFrieda 801 0$aIT$bUNINA$gRICA$2UNIMARC 901 $aBK 912 $a990005611550403321 952 $a939.18 ET CRET 1 (26)$bARCH. 18836$fFLFBC 959 $aFLFBC 996 $aVases de pierre et de metal, vannerie, figurines et reliefs d'applique, elements de parure et de decoration, armes, sceaux et empreintes$91506764 997 $aUNINA LEADER 01769nam0 2200373 i 450 001 CFI0096473 005 20231121125436.0 010 $a882430687X 020 $aIT$b89-6336 100 $a20150121d1987 ||||0itac50 ba 101 | $aita 102 $ait 181 1$6z01$ai $bxxxe 182 1$6z01$an 200 1 $aContratto collettivo dei giornalisti$ecommento al vigente C.C.N.L. dei giornalisti di quotidiani e periodici della RAI e televisioni private$fGiuseppe M. Berruti 210 $aNapoli$cJovene$d\1987! 215 $aXX, 233 p.$d24 cm. 225 | $a˜I œprincipali contratti collettivi di lavoro commentati$v2 410 0$1001CFI0092705$12001 $a˜I œprincipali contratti collettivi di lavoro commentati$v2 606 $aDiritto del lavoro$2FIR$3RMLC022524$9E 606 $aGiornalisti$xContratti collettivi$2FIR$3RMLC083958$9I 700 1$aBerruti$b, Giuseppe Maria$3CFIV061477$4070$0230409 790 1$aBerruti$b, Giuseppe Maria$c $3CAGV750567$zBerruti, Giuseppe Maria 790 1$aBerruti$b, Giuseppe M.$3TSAV335397$zBerruti, Giuseppe Maria 790 1$aBerruti$b, Giuseppe$3TSAV335398$zBerruti, Giuseppe Maria 801 3$aIT$bIT-01$c20150121 850 $aIT-FR0098 $aIT-RM0574 899 $aBiblioteca Area Giuridico Economica$bFR0098 899 $aBiblioteca del Consiglio nazionale dell'economia e del lavoro$bRM0574 912 $aCFI0096473 950 0$aBiblioteca Area Giuridico Economica$d 53DSG JOV10/002$e 53VM 0000196175 VM barcode:BAGE013332. - Inventario:37. - Fondo:Sala consultazioneVM$fA $h20010423$i20121204 977 $a 53$a 61 996 $aContratto collettivo dei giornalisti$9615410 997 $aUNICAS